| 000 | 00563nam a2200229Ia 4500 | ||
|---|---|---|---|
| 008 | 210210b1998 xxu||||| |||| 00| 0 eng d | ||
| 041 | _aeng | ||
| 082 | _a658.5 JAIP | ||
| 100 | _aJAIN (K C) | ||
| 245 | _aProduction planning control and industrial management | ||
| 260 |
_aDelhi _bKhanna Publishers _c1998 |
||
| 300 | _a1385 | ||
| 650 | _aProduction | ||
| 650 | _aplanning | ||
| 650 | _amanagement | ||
| 650 | _aindustrial | ||
| 650 | _acontrol | ||
| 650 | _aand | ||
| 690 | _aProduction Management | ||
| 700 | _aAGGARWAL (L N) | ||
| 906 | _a053537 | ||
| 999 |
_c142774 _d142774 |
||